Największe aglomeracje w Norwegii - Statystyki

Ogólne statystyki
  • Ten quiz został rozwiązany 164 razy
  • Średni wynik to 3 z 8
Statystyki odpowiedzi
Miejsce Mieszkańcy Nazwa % Poprawnych
1. 1 036 059 Aglomeracja Oslo
100%
2. 259 958 Aglomeracja Bergen
73%
4. 189 271 Aglomeracja Trondheim
71%
3. 228 287 Aglomeracja Stavanger-Sandnes
43%
8. 64 596 Aglomeracja Kristiansand
22%
6. 109 416 Aglomeracja Drammen
17%
5. 116 373 Aglomeracja Fredrikstad-Sarpsborg
14%
7. 93 778 Aglomeracja Porsgrunn-Skien
6%
Nie znaleziono quizów pasujących do podanych kryteriów
Rozkład punktacji
Procent ludzi z każdym wynikiem
Percentyl według liczby udzielonych odpowiedzi
Twoja historia wyników
Nie rozwiązałeś tego quizu